Zavádzanie inteligentných sietí v elektroenergetike diplomová práca

Uložené v:
Podrobná bibliografia
Hlavný autor: Galánková, Ivana
Korporativný autor: Podnikovohospodárska fakulta EU so sídlom v Košiciach. Katedra manažmentu
Ďalší autori: Bosák, Martin, 1967-
Médium: Kniha
Jazyk:Slovak
Vydavateľské údaje: Košice 2016
Tagy: Pridať tag
Žiadne tagy, Buďte prvý, kto otaguje tento záznam!

MARC

LEADER 00000nbm a2200000 4500
001 0217606
005 20161213104158.1
041 0 |a slo 
044 |a SK 
245 1 0 |a Zavádzanie inteligentných sietí v elektroenergetike  |b diplomová práca  |c Ivana Galánková ; školiteľ: Martin Bosák 
264 1 |a Košice  |c 2016 
300 |a 118 s. 
100 1 |a Galánková, Ivana 
700 1 |a Bosák, Martin, 1967- 
710 2 |a Podnikovohospodárska fakulta EU so sídlom v Košiciach. Katedra manažmentu